000
00257nam a2200109Ia 4500
008
220204s9999 xx 000 0 und d
082
_a
82-3
_b
LEC
100
_a
LeCarre, John
245
0
_a
Call for the dead
260
_a
New York
_b
Popular
_c
1961
942
_c
BK
999
_c
33218
_d
33218